Statystyki dla 25 najbardziej śmiercionośnych chorób w historii

Kliknij tutaj aby rozwiązać quiz!

Ogólne statystyki

  • Ten quiz został rozwiązany 846 razy
  • Średni wynik to 6 z 25

Statystyki odpowiedzi

MiejsceChoroba% Poprawnych
6DŻUMA
77%
21GRYPA
71%
24OSPA
61%
2HIV
55%
25Cholera
53%
16EBOLA
45%
1MALARIA
43%
22GRUŹLICA
40%
3ODRA
36%
15PTASIA GRYPA
20%
5SARS
20%
4TRĄD
19%
10ŚWIŃSKA GRYPA
18%
20RAK PŁUC
13%
14TĘŻEC
12%
9SYFILIS
10%
17KRZTUSIEC
7%
11ZAPALENIE OPON MÓZGOWYCH
6%
23ŻÓłTA FEBRA
6%
19BIEGUNKA
5%
12CHOROBA NIEDOKRWIENNA SERCA
0%
7CHOROBY NACZYŃ MÓZGOWYCH
0%
18POWIKŁANIA OKOŁOPORODOWE
0%
13PRZEWLEKŁA OBTURACYJNA CHOROBA PŁUC
0%
8ZAKAŻENIA DOLNYCH DRÓG ODDECHOWYCH
0%

Rozkład punktacji

Percentyl według liczby udzielonych odpowiedzi

Procent ludzi z każdym wynikiem

Twoja historia wyników

Nie rozwiązałeś tego quizu